logo

Bir Sreshtho Munshi Abdur Rouf Library
Jhenaidah Cadet College

An English phonetics course / (Record no. 8796)

MARC details
000 -LEADER
fixed length control field 00612nam a2200229 a 4500
001 - CONTROL NUMBER
JCCL Control Number 8796
003 - CONTROL NUMBER IDENTIFIER
JCCL marc code BD-JhCC
005 - DATE AND TIME OF LATEST TRANSACTION
control field 20180529142039.0
008 - FIXED-LENGTH DATA ELEMENTS--GENERAL INFORMATION
fixed length control field 880808s1956 enk 000 0 eng d
020 ## - INTERNATIONAL STANDARD BOOK NUMBER
International Standard Book Number 0582540003
035 ## - SYSTEM CONTROL NUMBER
system control number (BD-JhCC)8796
040 ## - CATALOGING SOURCE
Original cataloging agency SOI
Transcribing agency SOI
Modifying agency EQO
041 ## - LANGUAGE CODE
Language code of Book eng
082 ## - DEWEY DECIMAL CLASSIFICATION NUMBER
Classification number 421.5
Author mark and Year CHR 1966
100 1# - MAIN ENTRY--PERSONAL NAME
Personal name Christophersen, Paul.
245 13 - TITLE STATEMENT
Title An English phonetics course /
Statement of responsibility, etc Paul Christophersen,
260 ## - PUBLICATION, DISTRIBUTION, ETC. (IMPRINT)
Place of publication, distribution, etc London ;
-- New York :
Name of publisher, distributor, etc Longmans,
Date of publication, distribution, etc c1956 (1976 printing)
300 ## - PHYSICAL DESCRIPTION
Pagination 216 p.
Dimensions 18 cm.
650 #0 - SUBJECT ADDED ENTRY--TOPICAL TERM
Topical term or geographic name as entry element English language
General subdivision Phonetics
942 ## - ADDED ENTRY ELEMENTS (KOHA)
Source of classification or shelving scheme Dewey Decimal Classification
Koha item type Books
Holdings
Source of classification or shelving scheme Damaged status Not for loan Home library Current library Shelving location Date of accession Total Checkouts Full call number Barcode Date last seen Copy number Koha item type
Dewey Decimal Classification     JCC Rouf Library JCC Rouf Library General Stacks 03/04/2018   421.5 CHR 1966 11559 03/04/2018 C - 1 Books

JCC Library | Contacts | JCC Home

Last Update on 23 September 2017
Copyright @ 2017-2020 JCC Rouf Library
Rouf Library, Jhenidah Cadet College (JCC), Bangladesh